000 00545nam a2200193Ia 4500
005 20240313105016.0
008 131103s9999 xx 000 0 und d
040 _aLoreto College
041 _aEnglish
082 _a371.92
_bERI
100 _aErickson,Marion J.
245 4 _aThe Mentally Retarded Child in the Classroom,
_cMarion J.Erickson
260 _aNew York
_bThe Macmillan Company
_c1965
300 _aix,114 p.
650 _aSpecial Education
651 _aStudents with Mental Disabilities
850 _aLCLIB
942 _cBK
999 _c10423
_d60902